000
00320nam a22001457a 4500
005
20251119122653.0
082
_a
005.73 JYO
100
_a
Jyothi T J
_9
1107
245
_a
Data Structures and Algorithms
250
_a
1
260
_a
Owl Books
_b
Trivandrum
_c
2025
546
_a
English
650
_a
CSE
_9
14
942
_c
BK
999
_c
38022
_d
38022